One Word Disney Movies - Statistics

General Stats
  • This quiz has been taken 317 times
  • The average score is 12 of 23
Answer Stats
Hint Answer % Correct
1950 Cinderella
87%
2013 Frozen
78%
1998 Mulan
77%
2010 Tangled
73%
1995 Pocahontas
70%
1992 Aladdin
68%
1940 Fantasia
67%
1942 Bambi
66%
1941 Dumbo
66%
1940 Pinocchio
63%
2012 Brave
60%
2006 Cars
59%
1997 Hercules
56%
2016 Moana
54%
1999 Tarzan
54%
2009 Up
54%
2008 Wall-E
43%
2008 Bolt
40%
2007 Ratatouille
35%
2016 Zootopia
34%
2000 Dinosaur
25%
2005 Valiant
10%
2009 Ponyo
7%
No matching quizzes found
Score Distribution
Percent of People with Each Score
Percentile by Number Answered
Your Score History
You have not taken this quiz